EARLY CHILDHOOD SPECIAL EDUCATION (Record no. 23196)

MARC details
000 -LEADER
fixed length control field 00302nam a22001337a 4500
003 - CONTROL NUMBER IDENTIFIER
control field SGT
020 ## - INTERNATIONAL STANDARD BOOK NUMBER
International Standard Book Number 81-8457-438-X
082 ## - DEWEY DECIMAL CLASSIFICATION NUMBER
Classification number 371.905
Item number DES
100 ## - MAIN ENTRY--PERSONAL NAME
Personal name DESHPRABHU, SUCHITRA
245 ## - TITLE STATEMENT
Title EARLY CHILDHOOD SPECIAL EDUCATION
260 ## - PUBLICATION, DISTRIBUTION, ETC. (IMPRINT)
Place of publication, distribution, etc DELHI
Name of publisher, distributor, etc KANISHKA
Year of Publication 2022
300 ## - PAGE DESCRIPTION
No. of Pages 358
942 ## - ADDED ENTRY ELEMENTS (KOHA)
Source of classification or shelving scheme Dewey Decimal Classification
Koha item type Books
Holdings
Withdrawn status Lost status Source of classification or shelving scheme Damaged status Not for loan Collection code Home library Current library Shelving location Date acquired Vendor Name Cost, normal purchase price SGTU Bill Number Full call number Accession No. (Barcode) Date last seen Bill Date Koha item type
    Dewey Decimal Classification     EDUCATION SGT Engineering Library SGT Engineering Library Text Book 30/08/2022 ABC 1995.00 SGTU 14817 371.905 DES ED5150 30/08/2022   Books
    Dewey Decimal Classification     EDUCATION SGT Engineering Library SGT Engineering Library Text Book 30/08/2022 ABC 1995.00 SGTU 14817 371.905 DES ED5151 30/08/2022   Books
    Dewey Decimal Classification     EDUCATION SGT Engineering Library SGT Engineering Library Text Book 30/08/2022 ABC 1995.00 SGTU 14817 371.905 DES ED5152 30/08/2022   Books